Testing the grit of the public service an autobiography

Salvato in:
Dettagli Bibliografici
Autore principale: CIROMA, Adamu Liman
Natura: Libro
Lingua:inglese
Pubblicazione: Safar Books 2018
Tags: Aggiungi Tag
Nessun Tag, puoi essere il primo ad aggiungerne!!

MARC

LEADER 00000nam a22000007a 4500
008 210714b ||||| |||| 00| 0 eng d
020 |a 9789785544879 
100 |a CIROMA, Adamu Liman 
245 |a Testing the grit of the public service  |b an autobiography  |c Adamu, Liman Ciroma  |g xvii,449;ill 
260 |b Safar Books  |c 2018  |h Ibadan  |i 695906  |i 695907  |i 685345  |i 702738  |l DT515.83.C49  |m Ciroma, A.L  |m Statesmen- Nigeria- Biography  |m Civil service-Nigeria 
500 |a "it includes references and index" 
942 |a lcc  |c BK  |e Johnson  |f 14/07/21 
952 |0 0  |1 0  |2 lcc  |4 0  |6 DT051583 C49  |7 0  |9 2790  |a SSL  |b HOL  |c AF  |d 2021-07-14  |l 0  |o DT515.83.C49  |p 2021-66452  |r 2021-07-14 00:00:00  |w 2021-07-14  |y BK 
952 |0 0  |1 0  |2 lcc  |4 0  |6 DT051583 C49  |7 0  |9 2791  |a HOL  |b HOL  |c AF  |d 2021-07-14  |l 0  |o DT515.83.C49  |p 2021-66453  |r 2021-07-14 00:00:00  |w 2021-07-14  |y BK 
999 |c 1452  |d 1452